Statistics for Top Eggplant Producing Countries Quiz

Click here to take the quiz!

General Stats

  • This quiz has been taken 19 times
  • The average score is 7 of 10

Answer Stats

RankProduction (tonnes)Country% Correct
132,883,567China
100%
212,510,000India
100%
6535,436Indonesia
71%
4883,917Turkey
65%
5654,149Iran
65%
7307,800Japan
65%
8286,473Italy
59%
9241,901Philippines
59%
10225,912Spain
59%
31,307,793Egypt
53%

Score Distribution

Percentile by Number Answered

Percent of People with Each Score

Your Score History

You have not taken this quiz